[Event "World Team-ch Women 2017"]
[Site "Khanty-Mansyisk"]
[Date "2017.06.25"]
[Round "8"]
[White "Girya, Olga"]
[Black "Ehab, Tasneem"]
[Result "1-0"]
[WhiteElo "2480"]
[BlackElo "1750"]
[Annotator "TA"]
[PlyCount "75"]
[EventDate "2017.??.??"]
[EventType "team-tourn"]
[EventCountry "RUS"]
[SourceTitle "playchess.com"]
[Source "ChessBase"]
[SourceQuality "1"]
[WhiteTeam "RUS"]
[BlackTeam "EGY"]
[WhiteTeamCountry "RUS"]
[BlackTeamCountry "EGY"]

{[%evp 22,75,83,84,159,156,144,149,148,143,174,146,171,152,155,150,158,170,318,350,348,345,345,318,332,280,298,303,335,286,273,239,285,272,268,285,311,304,363,350,501,518,483,424,704,696,676,666,868,835,1302,1232,2529,2483,1952,6092]} 1. d4 Nf6 2. c4 g6 3. Nc3 Bg7 4. e4 d6 5. Nf3 O-O 6. Be2 e5 7. Be3 Nc6 8. d5 Ne7 9. Nd2 Nd7 10. b4 f5 11. f3 f4 12. Bf2 c6 $146 {E92: King's Indian: Classical: 6 Be2 e5: 7 dxe5, 7 Be3 and Petrosian System without 7...Nbd7} (12... c5 $142) ({Predecessor:} 12... Nf6 13. c5 g5 14. Nc4 Ne8 15. a4 Bd7 16. b5 Ng6 17. c6 bxc6 18. bxc6 Bc8 19. Nb5 a6 20. Na7 Nf6 21. Nd2 {1-0 (37) Lechtynsky,J (2358)-Sikorova,O (2222) Ostrava 2016}) 13. c5 $16 dxc5 14. bxc5 {d6 is the strong threat.} cxd5 {White is clearly better.} 15. exd5 (15. Nxd5 $6 Nf6 $14) 15... Qa5 16. Qb3 {And now d6+ would win.} (16. Nde4 $6 Nf5 $16) 16... Kh8 17. Nde4 Nf5 18. O-O Nd4 19. Qc4 b5 (19... Nf6 $142) 20. Nxb5 $18 Ba6 {[%cal Ra6b5]} 21. a4 (21. Bxd4 exd4 22. a4 d3 $18) 21... Rfc8 22. Bxd4 exd4 23. Bd3 Ne5 24. Qb3 Rab8 25. Rfb1 Qd8 26. Rd1 Bb7 27. c6 (27. Nxa7 Bxd5 28. Qc2 Bxe4 $11) 27... Bxc6 28. dxc6 a6 {[#]} 29. Qe6 $1 axb5 30. axb5 ({Not} 30. Bxb5 d3 $18) 30... Nxd3 (30... Qg8 $142 31. Qxg8+ Kxg8) 31. Rxd3 {White is clearly winning.} Qc7 32. Ng5 {Hoping for Nf7+.} Rf8 (32... h6 $142 33. Ne4 (33. Qxg6 hxg5 34. Rb1 Qe5 $15) (33. Nf7+ Kh7 $18) 33... Kh7 34. Nf6+ Bxf6) 33. Qh3 {[%csl Gg5][%cal Rh3h7]} h6 34. Ne6 Qe5 35. Nxf8 Bxf8 36. Qd7 Bd6 {[#]} 37. b6 $1 Re8 (37... Rxb6 38. Qd8+) 38. c7 {Precision: White = 79%, Black = 44%.} 1-0

[Event "World Team-ch Women 2017"]
[Site "Khanty-Mansyisk"]
[Date "2017.06.25"]
[Round "8"]
[White "Batsiashvili, Nino"]
[Black "Osmak, Iulija"]
[Result "1-0"]
[WhiteElo "2468"]
[BlackElo "2350"]
[Annotator "TA"]
[PlyCount "119"]
[EventDate "2017.??.??"]
[EventType "team-tourn"]
[EventCountry "RUS"]
[SourceTitle "playchess.com"]
[Source "ChessBase"]
[SourceQuality "1"]
[WhiteTeam "GEO"]
[BlackTeam "UKR"]
[WhiteTeamCountry "GEO"]
[BlackTeamCountry "UKR"]

{[%evp 22,119,15,0,32,31,35,27,24,21,35,32,22,38,13,18,49,49,52,41,54,47,69,71,59,57,85,44,54,25,58,5,12,19,6,6,13,15,39,25,25,25,27,25,80,80,80,78,85,68,114,110,93,83,124,104,120,113,122,112,100,83,112,115,350,342,342,340,431,427,529,237,521,211,1018,914,1161,1160,1029,978,1683,1758,5181,5181,29974,29974,29973,29973,29978,29978,29984,29984,29984,29984,29984,29985,29986,29987,29987,29988]} 1. d4 d5 2. c4 c6 3. Nf3 Nf6 4. Qc2 dxc4 5. Qxc4 Bf5 6. g3 e6 7. Bg2 Be7 8. O-O {D23: Queen's Gambit Accepted: 3 Nf3 Nf6 sidelines} O-O 9. e3 Nbd7 10. Rd1 Qc7 11. Nc3 e5 {[#]} 12. e4 $1 {[%mdl 512] LiveBook: 6 Games} Nxe4 $146 {[#]} (12... Bg4 {keeps more tension.} 13. d5 Bc5 14. dxc6 Qxc6 15. Qe2 Bd4) (12... Bxe4 13. dxe5) ({Predecessor:} 12... Bg4 13. Be3 exd4 14. Bxd4 Bxf3 15. Bxf3 Ne5 16. Qe2 Nxf3+ 17. Qxf3 {1-0 (33) Navara,D (2702)-Bruzon Batista,L (2693) Havana 2011}) 13. Nd5 $1 {[%mdl 512]} Qd8 (13... cxd5 14. Qxc7) 14. Nxe7+ Qxe7 15. dxe5 {Black must now prevent Nh4.} Nxe5 16. Nxe5 Qxe5 17. Bf4 Qe6 $1 {[%cal Re6c4]} 18. Qb4 b5 19. Re1 {[%cal Rg2e4][%mdl 1024] White has compensation.} a5 20. Qd4 $1 {[%cal Rg2e4]} Rad8 21. Qb6 {Strongly threatening f3.} Qg6 22. Rac1 Rc8 23. Qxa5 Rfe8 24. Qb4 h5 25. Re3 Re6 26. Rce1 (26. b3 $14) 26... Ng5 27. Bxg5 Qxg5 28. Qc5 {aiming for Rxe6.} Rxe3 29. Rxe3 {Hoping for Re5.} Qg6 30. a3 h4 31. gxh4 Rd8 {( -> ...Rd1+)} 32. h3 Rd5 (32... Qf6 $11) 33. Qc3 $16 Rd6 34. Rg3 Qh6 35. Qe5 Rf6 36. Rg5 Bb1 37. Qd4 Re6 38. Kh2 $36 {[%mdl 2048] White is really pushing.} Qf6 39. Qxf6 Rxf6 {[%mdl 4096] Endgame KRB-KRB} 40. Kg3 Rd6 41. Re5 Rd3+ 42. Re3 c5 $2 (42... Rd6 $16) 43. Rxd3 $18 Bxd3 {KB-KB} 44. Kf4 f6 45. Ke3 Bc4 46. Be4 (46. b4 $142 cxb4 47. axb4) 46... Be6 $2 (46... Kf8 47. Bd3 Be6 48. Bxb5 Bxh3) 47. Bc6 (47. b4 $142 cxb4 48. axb4) 47... Bc4 $2 (47... Bxh3 48. Bxb5 Kf7) 48. b4 cxb4 49. axb4 {[%cal Ba3b4,Bb4b5,Bb5b6,Bb6b7][%mdl 32]} Kf7 50. Kd4 Kg6 51. Kc5 Bf1 52. Bxb5 Bxh3 53. Be8+ {White mates.} Kh6 54. b5 g5 55. hxg5+ fxg5 56. b6 Bc8 57. Kc6 Ba6 58. Kc7 g4 {[#]} 59. Bb5 $1 {[%mdl 512]} Bxb5 60. b7 {Precision: White = 63%, Black = 22%.} 1-0

[Event "World Team-ch Women 2017"]
[Site "Khanty-Mansyisk"]
[Date "2017.06.25"]
[Round "8"]
[White "Ushenina, Anna"]
[Black "Dzagnidze, Nana"]
[Result "1/2-1/2"]
[WhiteElo "2458"]
[BlackElo "2533"]
[Annotator "TA"]
[PlyCount "47"]
[EventDate "2017.??.??"]
[EventType "team-tourn"]
[EventCountry "RUS"]
[SourceTitle "playchess.com"]
[Source "ChessBase"]
[SourceQuality "1"]
[WhiteTeam "UKR"]
[BlackTeam "GEO"]
[WhiteTeamCountry "UKR"]
[BlackTeamCountry "GEO"]

{[%evp 27,47,29,43,34,68,39,38,41,39,31,54,41,29,8,4,11,16,0,5,0,20,0]} 1. d4 d5 2. c4 e6 3. Nc3 c6 4. e3 Nf6 5. Nf3 Nbd7 6. Qc2 Bd6 7. Be2 O-O 8. O-O dxc4 9. Bxc4 e5 10. Bb3 Qe7 11. h3 h6 12. Nh4 Re8 {D46: Semi-Slav: 5 e3 Nbd7 6 Bd3, Black avoids the Meran} 13. Nf5 Qf8 14. Nxd6 Qxd6 {LiveBook: 6 Games. White has an edge.} 15. Rd1 Nb6 $146 ({Predecessor:} 15... exd4 16. exd4 Nf8 17. d5 Bd7 18. dxc6 Qxc6 19. Be3 a6 20. Qd2 {½-½ (73) Baldauf,M (2397)-Dovzik,J (2313) Austria 2015}) 16. Ne4 (16. dxe5 {feels hotter.} Qxe5 17. e4 Be6 18. f3 Red8 19. Be3) 16... Nxe4 17. Qxe4 Bd7 18. dxe5 Qxe5 19. Qxe5 Rxe5 20. Bd2 Be6 {The position is equal.} 21. Bc2 Bf5 22. Bb3 Be6 23. Bc2 Bf5 24. Bb3 {Precision: White = 48%, Black = 85%.} 1/2-1/2

[Event "World Team-ch Women 2017"]
[Site "Khanty-Mansyisk"]
[Date "2017.06.25"]
[Round "8"]
[White "Javakhishvili, Lela"]
[Black "Zhukova, Natalia"]
[Result "1/2-1/2"]
[WhiteElo "2447"]
[BlackElo "2449"]
[Annotator "TA"]
[PlyCount "150"]
[EventDate "2017.??.??"]
[EventType "team-tourn"]
[EventCountry "RUS"]
[SourceTitle "playchess.com"]
[Source "ChessBase"]
[SourceQuality "1"]
[WhiteTeam "GEO"]
[BlackTeam "UKR"]
[WhiteTeamCountry "GEO"]
[BlackTeamCountry "UKR"]

{[%evp 27,150,28,27,22,72,49,61,22,39,0,0,0,0,0,0,0,0,-15,-23,-31,-24,-15,-19,-39,-27,-20,-20,-29,-28,-57,-9,-14,-7,-6,0,-10,-7,-52,-27,-28,0,-9,5,-50,17,13,27,37,34,0,7,0,0,0,0,-9,0,-8,-8,-8,-8,-8,-8,-8,-8,-8,-8,-8,-8,-8,-8,-8,0,-76,-30,-43,-8,-15,-8,-8,-8,-39,-45,-73,-73,-73,-73,-89,-73,-89,-73,-89,-73,-89,-89,-89,-81,-81,-81,-89,-89,-89,-89,-89,-89,-89,-89,-89,-89,-89,-89,-89,-89,-89,-89,-89,-89,-89,-89,-89,-89,-89,-89,-89,-89]} 1. d4 Nf6 2. c4 e6 3. Nf3 c5 4. d5 exd5 5. cxd5 d6 6. Nc3 g6 7. Bf4 Bg7 8. Qa4+ Bd7 9. Qb3 Qc7 10. e4 O-O 11. Nd2 Nh5 12. Be3 f5 {A70: Modern Benoni: 6 e4 g6 7 Nf3} 13. exf5 Bxf5 14. Be2 Nf6 $1 {LiveBook: 44 Games. White has an edge.} 15. Bf4 (15. Nc4 Ne8 16. O-O Na6 17. a3 Bd7 18. Rac1 Rb8 19. a4 Nb4 20. Rfd1 {0-1 (58) Yilmaz,M (2616)-Pantsulaia,L (2601) Baku 2016}) 15... Qd7 $146 ({Predecessor:} 15... Ne8 16. Bg3 a6 17. O-O Nd7 18. a4 Ne5 19. Nd1 Rb8 20. Ne3 {0-1 (40) Kavutskiy,K (2287)-Matikozian,A (2411) Los Angeles 2012}) 16. O-O Na6 17. a3 (17. Bb5 $5 {[%cal Rb5d7]} Qd8 18. Nc4 $14) 17... Nc7 18. Nc4 Ncxd5 19. Nxd5 Nxd5 {[%cal Bf6d5,Bd5e7,Be7f5,Bf5d4][%mdl 32]} 20. Bxd6 (20. Ne3 Be6 $17) 20... Rfe8 21. Bf3 Be6 {Strongly threatening ...b5.} 22. Rad1 ({But not} 22. Bxc5 Rec8 $17) 22... Bd4 {White must now prevent ...Nb6!} 23. Bg3 Ne7 24. Qc2 ({Wrong is} 24. Bxb7 $2 Reb8 $1 $19 {[%mdl 512]}) 24... Nf5 25. Na5 Bd5 26. Bxd5+ Qxd5 27. Nb3 $1 Rad8 28. Kh1 b6 29. Nxd4 Nxd4 30. Qc3 Qf7 31. Bh4 Rd5 32. a4 Re4 33. Bg3 h5 34. Qd3 Re2 {[#]} 35. b3 (35. b4 $1 $11 {[%mdl 512]}) 35... Rf5 {[#]} (35... Rd7 $15) 36. b4 $1 $11 {[%mdl 512]} Qe7 (36... cxb4 37. Qxd4) 37. bxc5 bxc5 38. Qc4+ (38. Bd6 $5 {[%cal Rd6e7]} Qe4 39. Qxe4 Rxe4 40. f3 $14) 38... Kh7 39. Bd6 Qe6 ({Avoid the trap} 39... Qxd6 $2 {[#]} 40. Qxe2 $1 {[%mdl 512]} Qf6 41. Qe8 $18) 40. Qxe6 Nxe6 41. f3 c4 42. Rc1 Rd5 43. Bb8 Rc5 44. Bxa7 Ra5 $36 {[%mdl 2048] Black is more active.} 45. Bg1 Rxa4 46. Rfd1 Nf4 47. Rd4 Nxg2 48. Rdxc4 Rxc4 49. Rxc4 {[%mdl 4096] Endgame KRB-KRN} g5 50. Rc6 (50. Rc5 $11 {keeps the balance.}) 50... Nh4 51. Rc3 Kg6 52. h3 Re1 (52... Kf5 {keeps more tension.} 53. Bb6 Re5 54. Kg1 Rb5 55. Bd8 Rd5) 53. Kh2 Rf1 54. Bb6 (54. Rc6+ {is more complex.} Kf5 55. Be3 Nxf3+ 56. Kg2 Ne5 57. Rc5) 54... Rxf3 55. Rxf3 Nxf3+ $15 {KB-KN. Black is better.} 56. Kg3 Nd2 57. Bc7 Kf5 58. Kg2 Ne4 59. Kf3 Nf6 60. Kg2 Nd5 61. Bd6 Ke4 62. Kg3 Ne3 63. Bc7 h4+ 64. Kh2 Nf5 65. Kg2 Nd4 66. Bb8 Ne6 67. Bd6 Nf4+ 68. Kh2 Kf3 69. Bc7 Ne6 70. Bb6 Ke4 71. Kg2 Nf4+ 72. Kh2 Nd3 73. Bd8 Ne1 74. Ba5 Nf3+ 75. Kg2 Nd4 {Precision: White = 52%, Black = 59%.} 1/2-1/2

[Event "World Team-ch Women 2017"]
[Site "Khanty-Mansyisk"]
[Date "2017.06.25"]
[Round "8"]
[White "Gaponenko, Inna"]
[Black "Khotenashvili, Bela"]
[Result "1/2-1/2"]
[WhiteElo "2429"]
[BlackElo "2452"]
[Annotator "TA"]
[PlyCount "96"]
[EventDate "2017.??.??"]
[EventType "team-tourn"]
[EventCountry "RUS"]
[SourceTitle "playchess.com"]
[Source "ChessBase"]
[SourceQuality "1"]
[WhiteTeam "UKR"]
[BlackTeam "GEO"]
[WhiteTeamCountry "UKR"]
[BlackTeamCountry "GEO"]

{[%evp 16,96,17,25,40,20,27,21,74,85,68,35,63,57,88,100,91,85,87,77,69,46,122,119,170,130,130,130,130,130,137,130,147,130,173,130,130,130,130,130,130,130,131,131,137,131,135,135,131,60,60,60,60,60,60,60,66,60,60,60,67,67,67,67,74,74,74,81,81,81,81,0,81,81,81,81,81,0,81,0,81,0,81]} 1. e4 g6 2. d4 Bg7 3. Nc3 c6 4. f4 d5 5. e5 Nh6 6. Nf3 O-O 7. Be3 Qb6 {B15: Caro-Kann: 3 Nc3: 3...g6 and 3...dxe4 4 Nxe4 Nf6 5 Nxf6+ exf6} (7... f6 8. Qd2 Bg4 9. Be2 Nd7 10. h3 Bxf3 11. Bxf3 fxe5 12. fxe5 Nf5 13. O-O-O Nb6 14. Bf2 Bh6 15. e6 {0-1 (15) Tomczak,J (2561)-Anton Guijarro,D (2608) Wroclaw 2014}) 8. Na4 Qa5+ 9. c3 {LiveBook: 5 Games} Nd7 {White has an edge.} 10. b4 Qc7 11. Be2 f6 $146 (11... b5 $11 {remains equal.} 12. Nc5 a5) ({Predecessor:} 11... b5 12. Nb2 a5 13. a3 Nb6 14. h3 f6 15. g4 {0-1 (44) Soumya,S (2318)-Himanshu,S (2421) Aurangabad 2011}) 12. O-O $16 b5 13. Nb2 Nb6 14. a4 {[%cal Ba2a4,Ba4a5][%mdl 32]} Nc4 15. Nxc4 bxc4 {[#]} 16. a5 $1 Bg4 17. h3 Bxf3 18. Bxf3 ({Of course not} 18. gxf3 Nf5 $15) 18... a6 (18... Nf5 $14 19. Bf2 fxe5 20. dxe5 g5) 19. g4 $36 {[%cal Bg2g4,Bg4g5][%mdl 2080] Keeping Black busy.} f5 (19... Nf7 $16) 20. g5 Nf7 {[%cal Bh6f7,Bf7d8,Bd8e6][%mdl 32]} 21. h4 Nd8 22. h5 Re8 23. Ra2 Kf7 24. Rh2 Rh8 25. Kg2 Ne6 26. Rfh1 Qd7 27. Rh4 Nc7 28. R1h2 Ne6 29. Qh1 {[#] aiming for hxg6+.} Rhg8 30. Bd1 Ke8 {[%cal Bf7e8,Be8d8,Bd8c7,Bc7b7][%mdl 32]} 31. Bc2 Kd8 32. hxg6 (32. Qe1 $16) 32... hxg6 $14 33. Rh7 Kc7 34. Kg3 Nf8 35. R7h4 Ne6 36. Bc1 Kb7 37. Ba4 Nc7 38. Rh7 Ne6 39. Be3 Nf8 40. R7h4 Ne6 41. Kf2 Rad8 42. Qf3 Rh8 43. Qh1 (43. Ke2 $16) 43... Rxh4 (43... Rhg8 $1 $11 {keeps the balance.}) 44. Rxh4 $16 Rg8 45. Qf3 Qd8 46. Qh1 Qd7 47. Qf3 Qd8 $1 48. Qh1 Qd7 {Precision: White = 44%, Black = 67%.} 1/2-1/2

[Event "World Team-ch Women 2017"]
[Site "Khanty-Mansyisk"]
[Date "2017.06.25"]
[Round "8"]
[White "Guo, Qi"]
[Black "Kulon, Klaudia"]
[Result "1-0"]
[WhiteElo "2417"]
[BlackElo "2381"]
[Annotator "TA"]
[PlyCount "79"]
[EventDate "2017.??.??"]
[EventType "team-tourn"]
[EventCountry "RUS"]
[SourceTitle "playchess.com"]
[Source "ChessBase"]
[SourceQuality "1"]
[WhiteTeam "CHN"]
[BlackTeam "POL"]
[WhiteTeamCountry "CHN"]
[BlackTeamCountry "POL"]

{[%evp 26,79,40,29,67,57,61,58,36,22,11,18,68,73,98,95,116,116,108,109,121,121,128,120,209,216,273,254,529,527,505,486,652,576,602,514,688,722,716,680,687,694,894,908,986,955,1399,1388,1286,1275,2520,1421,29978,2153,29991,29992]} 1. d4 Nf6 2. c4 g6 3. Nc3 Bg7 4. e4 d6 5. Nf3 O-O 6. Be2 e5 7. Be3 exd4 8. Nxd4 Re8 9. f3 c6 10. Bf2 d5 11. exd5 cxd5 12. O-O Nc6 13. c5 Re5 {E92: King's Indian: Classical: 6 Be2 e5: 7 dxe5, 7 Be3 and Petrosian System without 7...Nbd7} 14. Re1 {[#] LiveBook: 10 Games} Nh5 $146 ({Predecessor:} 14... Qf8 15. Nxc6 bxc6 16. b4 Bd7 17. Bf1 Rxe1 18. Qxe1 Nh5 19. Qd2 Re8 20. Re1 Rxe1 21. Qxe1 {½-½ (49) Eljanov,P (2717)-Sasikiran,K (2639) Berlin 2015}) 15. Qd2 Qg5 {White is slightly better.} 16. Qxg5 Rxg5 17. h4 {[#] Strongly threatening Nxc6.} Re5 18. Ndb5 Bd7 19. Rad1 $36 {[%mdl 2048] White is on the roll.} Nb4 20. Nc7 Rc8 21. N7xd5 Nxd5 22. Rxd5 Re7 23. Red1 Be8 {[#] aiming for ...Bxc3.} 24. Bc4 Rec7 (24... Bc6 $16) 25. Rd8 $18 Bf8 26. b4 b6 $2 (26... a5 {is a better defense.} 27. a3 Nf6) 27. Ba6 Rxd8 28. Rxd8 Re7 29. Nd5 Re5 30. Bd4 Re1+ 31. Kf2 Rd1 32. Rxe8 {[%csl Ge8][%cal Rd5e7]} Rxd4 33. c6 Rxd5 34. c7 Rd2+ 35. Re2 Rd1 36. c8=Q Kg7 37. Qc3+ Kh6 38. Rd2 Rb1 39. a3 (39. g4 $142 Nf4 40. g5+ Kh5 41. Qh8 Kxh4 42. Qxf8 Nh3+ 43. Ke3 Re1+ 44. Be2) 39... Be7 40. Qe3+ {Precision: White = 89%, Black = 18%.} 1-0

[Event "World Team-ch Women 2017"]
[Site "Khanty-Mansyisk"]
[Date "2017.06.25"]
[Round "8"]
[White "Szczepkowska, Karina"]
[Black "Lei, Tingjie"]
[Result "0-1"]
[WhiteElo "2414"]
[BlackElo "2488"]
[Annotator "TA"]
[PlyCount "116"]
[EventDate "2017.??.??"]
[EventType "team-tourn"]
[EventCountry "RUS"]
[SourceTitle "playchess.com"]
[Source "ChessBase"]
[SourceQuality "1"]
[WhiteTeam "POL"]
[BlackTeam "CHN"]
[WhiteTeamCountry "POL"]
[BlackTeamCountry "CHN"]

{[%evp 20,116,28,-18,-17,-31,-27,-32,-19,-49,-52,-41,-57,-66,-85,-122,-119,-105,-43,-42,-49,-49,-46,-105,-105,-100,-104,-105,-105,-105,-106,-105,-106,-106,-99,-111,-108,-113,-104,-125,-115,-115,-110,-118,-114,-93,-89,-121,-121,-124,-123,-127,-127,-127,-127,-127,-127,-121,-39,-114,-121,-208,-200,-155,-143,-143,-124,-200,-191,-195,-198,-198,-197,-195,-182,-283,-290,-269,-254,-339,-339,-305,-283,-837,-747,-716,-702,-683,-673,-786,-758,-5081,-5081,-29971,-29972,-29965,-919,-29975,-29976]} 1. d4 Nf6 2. c4 e6 3. Nf3 d5 4. Nc3 c6 5. e3 Nbd7 6. Qc2 Bd6 7. Bd3 O-O 8. O-O dxc4 9. Bxc4 b5 10. Be2 Bb7 11. h3 {LiveBook: 5 Games. D46: Semi-Slav: 5 e3 Nbd7 6 Bd3, Black avoids the Meran} (11. Rd1 b4 12. Na4 Rc8 13. Nc5 Qb6 14. Nxb7 Qxb7 15. Qa4 c5 16. Ba6 Qc6 17. Qxc6 Rxc6 18. Bb5 Rb6 19. Be2 {½-½ (50) Akobian,V (2645)-Robson,R (2668) Saint Louis 2017}) 11... b4 $146 ({Predecessor:} 11... a6 12. e4 e5 13. Be3 c5 14. dxe5 Nxe5 15. Rad1 Qe7 16. Nh4 Qe6 17. f4 Nc6 18. e5 Nd4 19. Qd2 b4 20. Bxd4 cxd4 21. Qxd4 {1-0 (67) Naumkin,I (2426)-Paravyan,D (2534) Moscow 2017}) 12. Ne4 Nxe4 13. Qxe4 {Black has an edge.} Nf6 14. Qc2 {[#]} c5 $1 {[%mdl 512]} 15. Rd1 (15. dxc5 Rc8) 15... Rc8 16. Qa4 a5 17. Ne5 Bd5 18. Nc4 Bxc4 (18... Bc7 $17 19. dxc5 Ne4) 19. Bxc4 $15 cxd4 20. Ba6 Ra8 21. Be2 {[#]} (21. Bb5 $15) 21... dxe3 $1 $17 22. Bxe3 Nd5 {[%cal Bf6d5,Bd5e3,Be3d1][%mdl 32]} 23. Bf3 Nxe3 24. Bxa8 Nxd1 25. Rxd1 Qxa8 26. Rxd6 {[%mdl 4096] Endgame KQR-KQR} Rc8 27. Qd7 h6 28. Rd1 Qa6 29. Rd3 Qc4 30. a3 Rc7 31. Qd8+ Kh7 32. axb4 axb4 33. Rd4 {[#]} Qc1+ $1 34. Rd1 Qc2 35. Rd2 Qb1+ 36. Kh2 Rc1 37. Qd4 b3 38. Rd3 Rh1+ 39. Kg3 Qc2 40. f3 (40. Qe3 $17) 40... f5 $19 {aiming for ...e5!} 41. Rd2 Qc1 42. f4 Re1 43. Kh2 (43. Qf2 $17) 43... Re4 44. Qf2 Qc7 45. Rd3 Rxf4 46. Qg3 {intending Rc3.} e5 {[%cal Be6e5,Be5e4,Be4e3][%mdl 32]} 47. Rxb3 (47. Re3 $142) 47... Rf1 48. Rc3 Qd6 49. Qd3 Qxd3 50. Rxd3 {KR-KR} e4 51. Rd5 $2 (51. Rd2) 51... f4 52. Re5 e3 53. b4 g5 {[%cal Bg7g5,Bg5f4][%mdl 32]} 54. g3 Kg6 55. gxf4 gxf4 56. Kg2 Rf2+ 57. Kg1 Rb2 (57... Kf6 $142 58. Re8 Rb2 59. Kf1 Rxb4 60. Kg1 Rb2 61. Kf1 Rf2+ 62. Ke1 Kf5 63. Kd1 Rh2 64. Re7 h5 65. Ke1 Rxh3 66. Ke2 Rh2+ 67. Kd3 Rd2+ 68. Kc3 h4 69. Kc4 h3 70. Kc3 Rd1 71. Rf7+ Kg6 72. Rf8 e2 73. Re8 e1=Q+ 74. Rxe1 Rxe1 75. Kb4 f3 76. Kc3 f2 77. Kd3 f1=Q+ 78. Kc3 Rc1+ 79. Kd2 Qe1+ 80. Kd3 Kf5 81. Kd4 Qe4#) 58. Re6+ Kf5 {Precision: White = 43%, Black = 75%.} 0-1

[Event "World Team-ch Women 2017"]
[Site "Khanty-Mansyisk"]
[Date "2017.06.25"]
[Round "8"]
[White "Karavade, Eesha"]
[Black "Vo, Thi Kim Phung"]
[Result "1-0"]
[WhiteElo "2388"]
[BlackElo "2378"]
[Annotator "NA"]
[PlyCount "161"]
[EventDate "2017.??.??"]
[EventType "team-tourn"]
[EventCountry "RUS"]
[SourceTitle "playchess.com"]
[Source "ChessBase"]
[SourceQuality "1"]
[WhiteTeam "IND"]
[BlackTeam "VIE"]
[WhiteTeamCountry "IND"]
[BlackTeamCountry "VIE"]
[TimeControl "40/5400+30:1800+30"]

1. d4 {[%emt 0:00:00]} Nf6 {[%emt 0:00:08]} 2. c4 {[%emt 0:00:00]} g6 {[%emt 0:00:15]} 3. Nc3 {[%emt 0:00:41]} Bg7 {[%emt 0:00:22]} 4. e4 {[%emt 0:00:37]} d6 {[%emt 0:00:05]} 5. Nf3 {[%emt 0:00:23]} O-O {[%emt 0:00:08]} 6. h3 {[%emt 0:01:11]} Nbd7 {[%emt 0:00:29]} 7. Be3 {[%emt 0:01:29]} e5 {[%emt 0:00:11]} 8. d5 {[%emt 0:00:16]} a5 {[%emt 0:00:26]} 9. g4 {[%emt 0:02:13]} Nc5 {[%emt 0:01:01]} 10. Nd2 {[%emt 0:00:07]} Ne8 {[%emt 0:04:34]} 11. h4 {[%emt 0:04:42]} f5 {[%emt 0:01:09]} 12. g5 {[%emt 0:07:53]} f4 {[%emt 0:10:28]} 13. Bxc5 {[%emt 0:00:08]} dxc5 {[%emt 0:00:02]} 14. Qf3 {[%emt 0:05:24]} Nd6 {[%emt 0:09:42]} 15. Nb5 {[%emt 0:13:06]} Rf7 {[%emt 0:03:37]} 16. Nxd6 {[%emt 0:04:42]} cxd6 {[%emt 0:00:38]} 17. Bh3 {[%emt 0:00:18]} Bf8 {[%emt 0:02:24]} 18. Nb1 {[%emt 0:05:35]} Qb6 {[%emt 0:06:06]} 19. Qb3 {[%emt 0:02:16]} Qb4+ {[%emt 0:01:32]} 20. Nc3 {[%emt 0:03:27]} Bxh3 {[%emt 0:04:35]} 21. Rxh3 {[%emt 0:00:06]} Qxb3 {[%emt 0:06:15]} 22. axb3 {[%emt 0:00:10]} b6 {[%emt 0:00:30]} 23. O-O-O {[%emt 0:02:46]} Raa7 {[%emt 0:00:28]} 24. Rg1 {[%emt 0:00:39]} Be7 {[%emt 0:00:21]} 25. Kb1 {[%emt 0:01:18]} Bd8 {[%emt 0:02:59]} 26. Ka2 {[%emt 0:02:29]} Kf8 {[%emt 0:00:36]} 27. Ka3 {[%emt 0:00:10]} Rg7 {[%emt 0:07:14]} 28. Ka4 {[%emt 0:01:10]} Ke8 {[%emt 0:04:15]} 29. Nb5 {[%emt 0:05:35]} Rad7 {[%emt 0:00:15]} 30. h5 {[%emt 0:01:01]} Kf8 {[%emt 0:03:43]} 31. Nc3 {[%emt 0:03:44]} Ra7 {[%emt 0:03:51]} 32. Nb1 {[%emt 0:06:19]} Kg8 {[%emt 0:06:49]} 33. Nd2 {[%emt 0:01:42]} Be7 {[%emt 0:01:10]} 34. Nf3 {[%emt 0:00:59]} Bf8 {[%emt 0:00:37]} 35. hxg6 {[%emt 0:00:55]} hxg6 {[%emt 0:00:23]} 36. Rgh1 {[%emt 0:00:21]} Kf7 {[%emt 0:04:55]} 37. Rh7 {[%emt 0:03:42]} Ra8 {[%emt 0:02:46]} 38. Rxg7+ {[%emt 0:00:56]} Bxg7 {[%emt 0:00:13]} 39. Kb5 {[%emt 0:01:09]} Kg8 {[%emt 0:01:21]} 40. Nd2 {[%emt 0:00:00]} Bf8 {[%emt 0:00:47]} 41. Kxb6 {[%emt 0:03:34]} Be7 {[%emt 0:01:45]} 42. Kc7 {[%emt 0:00:28]} Bf8 {[%emt 0:00:59]} 43. Kb7 {[%emt 0:07:37]} Re8 {[%emt 0:02:34]} 44. Nb1 {[%emt 0:06:18]} Be7 {[%emt 0:03:04]} 45. Kc7 {[%emt 0:00:12]} Bxg5 {[%emt 0:01:06]} 46. Kxd6 {[%emt 0:01:23]} Rb8 {[%emt 0:01:52]} 47. Nd2 {[%emt 0:00:55]} f3 {[%emt 0:03:26]} 48. Nxf3 {[%emt 0:00:13]} Bf4 {[%emt 0:00:02]} 49. Ke6 {[%emt 0:04:55]} Rxb3 {[%emt 0:02:30]} 50. Nxe5 {[%emt 0:00:13]} Rxb2 {[%emt 0:03:40]} 51. Nxg6 {[%emt 0:03:23]} Rb6+ {[%emt 0:00:06]} 52. Kf5 {[%emt 0:00:05]} Bc7 {[%emt 0:01:37]} 53. e5 {[%emt 0:00:09]} a4 {[%emt 0:02:21]} 54. d6 {[%emt 0:02:01]} Bxd6 {[%emt 0:01:13]} 55. exd6 {[%emt 0:00:07]} Rxd6 {[%emt 0:00:15]} 56. Ra1 {[%emt 0:00:17]} Ra6 {[%emt 0:01:29]} 57. Ra3 {[%emt 0:00:06]} Kg7 {[%emt 0:00:53]} 58. Nf4 {[%emt 0:00:17]} Kf7 {[%emt 0:00:49]} 59. Ke5 {[%emt 0:00:06]} Ra8 {[%emt 0:00:36]} 60. Nd3 {[%emt 0:00:21]} Ke7 {[%emt 0:05:05]} 61. Nxc5 {[%emt 0:00:48]} Rc8 {[%emt 0:00:08]} 62. Kd4 {[%emt 0:00:45]} Rd8+ {[%emt 0:00:10]} 63. Kc3 {[%emt 0:00:07]} Rf8 {[%emt 0:00:09]} 64. Nd3 {[%emt 0:00:07]} Ra8 {[%emt 0:00:16]} 65. Kb4 {[%emt 0:00:06]} Rb8+ {[%emt 0:00:15]} 66. Kxa4 {[%emt 0:00:08]} Kd6 {[%emt 0:00:10]} 67. Rb3 {[%emt 0:00:05]} Rf8 {[%emt 0:00:46]} 68. Kb4 {[%emt 0:00:53]} Rf5 {[%emt 0:01:43]} 69. c5+ {[%emt 0:00:19]} Kd5 {[%emt 0:00:34]} 70. Kc3 {[%emt 0:00:39]} Kc6 {[%emt 0:01:05]} 71. Rb6+ {[%emt 0:00:09]} Kc7 {[%emt 0:00:07]} 72. Kd4 {[%emt 0:00:03]} Rf3 {[%emt 0:00:18]} 73. Ke4 {[%emt 0:00:12]} Rh3 {[%emt 0:00:24]} 74. f4 {[%emt 0:00:09]} Rh1 {[%emt 0:00:43]} 75. f5 {[%emt 0:00:12]} Rh4+ {[%emt 0:00:48]} 76. Nf4 {[%emt 0:00:14]} Rh7 {[%emt 0:05:29]} 77. Nd5+ {[%emt 0:00:45]} Kc8 {[%emt 0:00:12]} 78. f6 {[%emt 0:00:18]} Rh4+ {[%emt 0:00:39]} 79. Ke5 {[%emt 0:00:06]} Kd7 {[%emt 0:02:46]} 80. Rb7+ {[%emt 0:00:34]} Kc8 {[%emt 0:00:12]} 81. c6 {[%emt 0:00:19]} 1-0